000 00519nam a2200193 a 4500
001 1770285653487
003 YourLibrary
005 20260205153745.0
008 260205s2008##################000#0#eng##
020 _a9781427797209
082 0 4 _a333.332VEN
100 1 _aVentolo, William L.,
_eauthor.
245 1 0 _aThe Art of Real Estate Appraisal :
260 _bKaplan Publishing,
_c2008.
300 _a240 pages
650 0 _aBusiness & Economics.
942 _cENGLISH
040 _aYourLibrary
_beng
_cYourLibrary
999 _c610531
_d610531